000 01340nam a22002777a 4500
999 _c120883
_d120883
003 dpl
005 20190424114751.0
008 190424b ||||| |||| 00| 0 eng d
010 _aB-238655
020 _c60.00
_a8187733586
035 _aB-238655, B-238659
037 _bCen Lib/Ret
040 _aDPL
_bHN
_c0
082 _a305.56
_bचन्द्रभा
100 _aचन्द्र भान प्रसाद
_944330
245 _aदलित दृष्टिकोण :
_cचन्द्र भान प्रसाद
_bभारतीय समाज : जातिगत अत्याचार /
246 _aDalit drishtikon : bharteey samaj : jatigat atyachar /
_bby Chandra Bhan Prasad
260 _a दिल्ली
_bगौतम बुक सेंटर
_c2006
270 _bदिल्ली
_a'चन्दन सदन' सी-263 ए, गली नं.9, हरदेवपुरी, शाहदरा
_e110093
300 _a80पृ.
_c20सेमी(सजिल्द)
650 _aदलित -- अत्याचार
_993211
650 _aवर्ण और जाति -- एक अभिशाप
_993212
650 _aDalit - Torture
_993213
650 _aCharacters and race - a curse
_993214
942 _2ddc
_cHN
_h305.56
_mचन्द्रभा